00619nam a2200169 a 450000100100000000500170001000800410002704000250006808200150009310000480010824500600015626000430021630000170025950000430027695201130031999900170043200003632620200930075654.0120113s1967 sp 000 0 spa d aDO-SdBNPbspacBNPHU axxxbS559d1 aShólojov, Mijaíl Alexándrovich96248413aEl don apacible /cMijaíl Alexándrovich Shólojov. aBarcelona, España :bPlaneta,c1967. av. ;c22 cm. aLa biblioteca solo posee el volumen II 001050718MOaGRbGRcCTd2012-01-13iLF1l0oxxx S559dp36327-10r2020-06-25w2020-06-25y1ZNo se presta c35817d35817